00381nam a2200121Ia 4500003000400000005001700004008004100021040001800062041000800080100005400088245007800142260003900220OSt20260114113207.0211028s2012 xx 000 0 und d cAIMIT LIBRARY aeng aPinto, Sachin Andrew; Fernandes, Everil.g1016033 aPre launch market scenario analysis with respect to cinepolis Mangalore / aMangalorebFernandes, Everilc2012